000 00759nam a2200241Ia 4500
001 17642
003 GE_BSU
008 181216s||||||||xx |||||||||||||| ||und||
040 _cGE_BSU
080 _a82-93:821.353.1-1
100 _aმღვიმელი,შიო
245 _aსაბავშვო ლექსები:ტ.II
245 _bლექსები
245 _cრედ.:ე.ქარელიშვილი;მხატვ.:მ.დაუშვილი
260 _aთბილისი
260 _bსაბლიტგამი
260 _c1952
300 _a268გვ.;20სმ.
300 _eილ.
653 _aლექსები
653 _aსაბავშვო ლექსები
942 _cBK
999 _c50691
_d50691